5HLuxD.jpg

KING HENRY VIII SENIOR AND PRIMARY SCHOOL LIBRARY OPAC

Whiffy Wilson : (Record no. 1935)

000 -LEADER
fixed length control field 00942nam a2200301 a 4500
001 - CONTROL NUMBER
control field 019373477
003 - CONTROL NUMBER IDENTIFIER
control field UkOxU
005 - DATE AND TIME OF LATEST TRANSACTION
control field 20230220101757.0
008 - FIXED-LENGTH DATA ELEMENTS--GENERAL INFORMATION
fixed length control field 111209s2012 enka j 000 f eng c
015 ## - NATIONAL BIBLIOGRAPHY NUMBER
National bibliography number GBB1E2461
Source bnb
020 ## - INTERNATIONAL STANDARD BOOK NUMBER
International Standard Book Number 9781408346662
035 ## - SYSTEM CONTROL NUMBER
System control number (WlAbNL)vtls006301686
035 ## - SYSTEM CONTROL NUMBER
System control number (Uk)015991532
038 ## - RECORD CONTENT LICENSOR
Record content licensor Uk
040 ## - CATALOGING SOURCE
Original cataloging agency StDuBDS
Language of cataloging eng
Transcribing agency StDuBDS
Modifying agency WlAbNL
-- KH8
042 ## - AUTHENTICATION CODE
Authentication code ukscp
082 04 - DEWEY DECIMAL CLASSIFICATION NUMBER
Classification number 823.92 HAR
Edition number 23
100 1# - MAIN ENTRY--PERSONAL NAME
Personal name Hart, Caryl.
Relator term author
245 10 - TITLE STATEMENT
Title Whiffy Wilson :
Remainder of title the wolf who wouldn't wash /
Statement of responsibility, etc. Caryl Hart ; Leonie Lord.
260 ## - PUBLICATION, DISTRIBUTION, ETC.
Place of publication, distribution, etc. London :
Name of publisher, distributor, etc. Orchard,
Date of publication, distribution, etc. 2012.
300 ## - PHYSICAL DESCRIPTION
Extent [30] p. :
Other physical details chiefly col. ill. ;
Dimensions 25 x 28 cm.
500 ## - GENERAL NOTE
General note Originally published: 2011.
650 #0 - SUBJECT ADDED ENTRY--TOPICAL TERM
Topical term or geographic name entry element Hygiene
Form subdivision Pictorial works
-- Juvenile fiction.
650 #0 - SUBJECT ADDED ENTRY--TOPICAL TERM
Topical term or geographic name entry element Wolves
Form subdivision Pictorial works
-- Juvenile fiction.
655 #7 - INDEX TERM--GENRE/FORM
Genre/form data or focus term Children's stories
Form subdivision Pictorial works.
Source of term gsafd
700 1# - ADDED ENTRY--PERSONAL NAME
Personal name Lord, Leonie.
Relator term author
942 ## - ADDED ENTRY ELEMENTS (KOHA)
Source of classification or shelving scheme
Koha item type Books - Non Ficton
Holdings
Withdrawn status Lost status Source of classification or shelving scheme Damaged status Not for loan Collection code Permanent Location Current Location Shelving location Date acquired Total Checkouts Full call number Barcode Date last seen Date last checked out Price effective from Koha item type
          Non-Fiction KH8 Primary School Library KH8 Primary School Library Non Fiction 2023-02-20 19 823.92 HAR KHPL000003655 2025-12-05 2025-11-18 2023-02-20 Books - Non Ficton

Powered By KH8 IT Dept